Pleito del Colegio de la Compañía de Jesús, sobre una deuda de 40 años con los bienes de Doña Antonia de Ávila Ramírez, fundadora y patrona de dicho colegio, por 400 ducados que debieron aplicarse después del remanente de la hacienda para la fundación y dotación del Colegio Teológico de San Ildefono, erigido en esta ciudad

Detalles Bibliográficos
Formato: Libro
Publicado: s.l., s.f.
Colección:Banco de datos
Acervo:Biblioteca Palafoxiana. Colección de Manuscritos
Descripción Física:3 f. ; 21 x 30 cm.
LEADER 00611nam a22001210004500
035 |a 1332 
245 1 0 |a Pleito del Colegio de la Compañía de Jesús, sobre una deuda de 40 años con los bienes de Doña Antonia de Ávila Ramírez, fundadora y patrona de dicho colegio, por 400 ducados que debieron aplicarse después del remanente de la hacienda para la fundación y dotación del Colegio Teológico de San Ildefono, erigido en esta ciudad 
260 |a s.l., s.f. 
300 |a 3 f. ; 21 x 30 cm. 
949 |a 32280/086 
942 |c PALAMANU 
943 |g Biblioteca Palafoxiana. Colección de Manuscritos 
999 |c 1069277  |d 1069277